| 000 | 01083nam a22002897a 4500 | ||
|---|---|---|---|
| 003 | dpl | ||
| 005 | 20180626122621.0 | ||
| 008 | 180626b xxu||||| |||| 00| 0 eng d | ||
| 010 | _aA-883514, A-883531 | ||
| 020 | _c140.00 | ||
| 035 | _aA-883514 | ||
| 037 | _bCen Lib/Ret | ||
| 040 |
_aDPL _bHN _c0 |
||
| 082 |
_aउ _bत्रिवेदी |
||
| 100 |
_aत्रिवेदी, क्रांति _940 |
||
| 245 |
_aउत्तराधिकारी / _c क्रांति त्रिवेदी |
||
| 246 |
_aUttradhikari _b by Kranti Trivedi |
||
| 260 |
_aनई दिल्ली _bनीलकंठ प्रकाशन _c1992 |
||
| 270 |
_aमहरौली _bनई दिल्ली _e110030 |
||
| 300 |
_a171पृष्ठ. _c20सेमी(सजिल्द) |
||
| 490 | _a | ||
| 650 |
_aहिंदी साहित्य _964396 |
||
| 650 |
_aहिंदी उपन्यास _964397 |
||
| 650 |
_aHindi literature _964398 |
||
| 650 |
_ahindi novel _964399 |
||
| 942 |
_2ddc _cHN _hउ _mत्रिवेदी |
||
| 999 |
_c116016 _d116016 |
||